Statistics for Guess The Lyrics #22

Click here to take the quiz!

General Stats

  • This quiz has been taken 441 times
  • The average score is 187 of 342

Answer Stats

% Correct
a
99%
I
99%
The
96%
the
96%
You
93%
you
93%
He
89%
And
86%
and
86%
To
86%
to
86%
"We
86%
on
85%
On
85%
be
84%
in
84%
me
84%
it
81%
is
80%
she
78%
She
78%
your
77%
my
76%
My
76%
Her
75%
of
73%
So
73%
can
71%
are
69%
for
68%
night
68%
There
66%
could
65%
They
64%
they
64%
this
64%
"This
64%
that
63%
(what
63%
What
63%
hear
61%
up
61%
Up
61%
time
60%
were
60%
at
59%
say...
59%
was
58%
But
56%
just
56%
Just
56%
them
56%
had
54%
all
53%
like,
53%
said
53%
said,
53%
can't
52%
here
52%
here,
52%
Then
52%
never
51%
or
50%
dark
49%
(Any
47%
Any
47%
any
47%
down
47%
our
47%
way
46%
place
45%
place)
45%
Some
45%
some
45%
How
44%
Hell"
43%
light
43%
California
42%
from
42%
Hotel
42%
their
42%
highway,
41%
leave!
41%
saw
41%
got
40%
hair
40%
Heaven
40%
lovely
40%
wind
40%
desert
39%
(Such
39%
Such
39%
face
38%
middle
38%
Welcome
38%
with
38%
find
37%
man,
37%
cool
36%
head
36%
air
34%
heard
34%
year
34%
year)
34%
door
33%
haven't
32%
myself,
32%
stood
32%
through
32%
room
31%
stop
31%
thing
31%
thought
31%
away,
30%
distance,
29%
livin'
29%
showed
29%
smell
29%
thinking
29%
mind
28%
since
28%
those
28%
Wake
28%
rising
27%
ahead
26%
dance
26%
heavy
26%
remember,
26%
shimmering
26%
bell
25%
far
25%
grew
25%
"Please
25%
Plenty
25%
summer
25%
voices
25%
Warm
25%
Bring
24%
bring
24%
lit
24%
back
23%
before
23%
corridor,
23%
doorway;
23%
forget
23%
friends
23%
mission
23%
own
23%
pretty
23%
pretty,
23%
spirit
23%
boys
22%
dim
22%
nine"
22%
prisoners
22%
sight
22%
wine"
22%
candle
21%
check-out
21%
kill
21%
lot
21%
nineteen
21%
sixty
21%
called
20%
nice
20%
still
20%
device"
19%
Last
19%
Mercedes
19%
beast
18%
calls
18%
surprise
18%
surprise)
18%
sweet
18%
Captain,
16%
colitas,
16%
ice
16%
Running
16%
calling
15%
knives,
15%
sweat.
15%
alibis
14%
bends
14%
champagne
14%
feast
14%
stab
14%
steely
14%
chambers,
13%
courtyard,
13%
master's
13%
gathered
12%
passage
12%
pink
12%
programmed
12%
receive.
12%
"Relax,
12%
ceiling,
11%
Mirrors
11%
Tiffany-twisted,
10%

Score Distribution

Percentile by Number Answered

Percent of People with Each Score

Your Score History

You have not taken this quiz